|
|
|
|
| LEADER |
01223nam a2200277 u 4500 |
| 001 |
10099157 |
| 003 |
upatras |
| 005 |
20250221063414.0 |
| 008 |
121017s2010 gr gre |
| 020 |
|
|
|a 9789603721314
|
| 040 |
|
|
|a GR-PaULI
|c GR-PaULI
|
| 041 |
0 |
|
|a gre
|
| 084 |
|
|
|a WW 140
|
| 100 |
1 |
|
|a Παπαστρατηγάκης, Βύρων Ν.
|4 aut
|9 110076
|
| 245 |
1 |
0 |
|a Εγχειρίδιο παθήσεων της ωχράς
|c Βύρων Ν. Παπαστρατηγάκης
|
| 260 |
|
|
|a Αθήνα
|b Ιατρικές Εκδόσεις Λίτσας
|c 2010
|
| 300 |
|
|
|a xvi, 432 σ.
|b φωτ.
|c 30 εκ.
|
| 504 |
|
|
|a Περιλαμβάνει βιβλιογραφία και ευρετήριο
|
| 650 |
|
4 |
|a Οφθαλμός
|x Ασθένειες
|9 33978
|
| 650 |
|
4 |
|a Οφθαλμός
|x Χειρουργική
|9 29415
|
| 650 |
|
0 |
|a Ιατρική
|x Εγχειρίδια
|9 3950
|
| 852 |
|
|
|a GR-PaULI
|b ΠΑΤΡΑ
|b ΙΑΤΡΙΚΗ
|k ΟΧΙΔ-10
|h WW 140 ΠΑΠ
|m 6358
|p 025000204259
|t 1
|
| 942 |
|
|
|2 ddc
|c BKN
|
| 952 |
|
|
|0 0
|1 0
|4 0
|6 WW_140_000000000000000_ΠΑΠ
|7 0
|9 116518
|a MEDI
|b MEDI
|d 2016-04-24
|i 6358
|l 0
|o WW 140 ΠΑΠ
|p 025000204259
|r 2016-04-24 00:00:00
|t 1
|w 2016-04-24
|y BKN
|
| 998 |
|
|
|c ΜΑΝΙΑΚΗ
|d 2012-10
|
| 999 |
|
|
|c 77716
|d 77716
|